A TEXT BOOK OF AGADA TANTRA EVAM VIDHIVAIDYAK (Record no. 34987)

MARC details
000 -LEADER
fixed length control field 00456nam a22001817a 4500
003 - CONTROL NUMBER IDENTIFIER
control field SGT
020 ## - INTERNATIONAL STANDARD BOOK NUMBER
International Standard Book Number 9789373751863
082 ## - DEWEY DECIMAL CLASSIFICATION NUMBER
Classification number 615.538
Item number A26S
100 ## - MAIN ENTRY--PERSONAL NAME
Personal name SANJEEV, ANJALI
245 ## - TITLE STATEMENT
Title A TEXT BOOK OF AGADA TANTRA EVAM VIDHIVAIDYAK
Remainder of title
250 ## - EDITION STATEMENT
Edition statement 1ST
260 ## - PUBLICATION, DISTRIBUTION, ETC. (IMPRINT)
Place of publication, distribution, etc VARANASI
Name of publisher, distributor, etc CHAUKHAMBHA PUB.
Year of Publication 2026
300 ## - PAGE DESCRIPTION
No. of Pages 314
650 ## - SUBJECT ADDED ENTRY--TOPICAL TERM
Topical term or geographic name as entry element AYURVEDA
653 ## - KEYWORDS--INDEX TERM
Keyword term AGADA, TANTRA, VIDHIVAIDYAK , AGADA TANTRA
942 ## - ADDED ENTRY ELEMENTS (KOHA)
Source of classification or shelving scheme Dewey Decimal Classification
Koha item type Books
Holdings
Withdrawn status Lost status Source of classification or shelving scheme Damaged status Use restrictions Not for loan Collection code Home library Current library Shelving location Date acquired Vendor Name Cost, normal purchase price SGTU Total Checkouts Full call number Accession No. (Barcode) Date last seen Bill Date Koha item type
    Dewey Decimal Classification   Restricted Access   AYURVEDA SGT FA-FP Library SGT FA-FP Library Reference Book 30/06/2026 SGT UNIVERSITY Dr. SANJEEV ANJALI 995.00 SGTU   615.538 A26S FA13555G 30/06/2026 30/06/2026 Gifted Books